| 000 | 00764cam a2200241 a 4500 | ||
|---|---|---|---|
| 008 | |||
| 020 | _a0070050902 (pbk.) | ||
| 049 | _aMAIN | ||
| 090 | _aTK5105.7 | ||
| 100 | 1 | _aBaker, Richard H. | |
| 245 | 1 | 0 |
_aNetworking the enterprise : _bhow to build client/server systems that work / _cRichard H. Baker. |
| 260 |
_aNew York : _bMcGraw-Hill, _cc1994. |
||
| 300 |
_axviii, 381 p. : _bill. ; _c24 cm. |
||
| 504 | _aIncludes bibliographical references. | ||
| 500 | _aIncludes index. | ||
| 650 | 0 | _aLocal area networks (Computer networks) | |
| 650 | 0 | _aClient/server computing. | |
| 907 |
_a.b10063705 _b20-09-05 _c17-04-03 |
||
| 003 | |||
| 005 | 20230123133534.0 | ||
| 040 | _cNUST | ||
| 942 |
_cBOOKS _kTK5105.7 |
||
| 999 |
_c150327 _d150327 |
||